000 00332nam a22001337a 4500
040 _cNUST
082 _a604.2
_bBIN'E
100 _aBinns, H
245 _aExamples in Engineering Drawing
250 _aVolume 1
260 _aLondon,
_bEnglish universities press,
_c1960.
650 _aEngineering Drawing
_973872
942 _2ddc
_cBK
999 _c615659
_d615659